000 00432nam a22001577a 4500
003 OSt
005 20211019122003.0
008 211019b |||||||| |||| 00| 0 eng d
040 _aSEKU
100 _aSimala Kenneth
245 _aMitaala Ya Kiswahili Katika Vyuo Vikuu Vya Afrika Mashariki/
_cSimala, Kenneth
260 _aZanzibar
_bKAKAMA
_c2019
300 _a399p.:
_bill.
650 _aKiswahili
_zEast Africa
942 _2lcc
_cGEN
999 _c18037
_d18037